Flag Coloring Book Puzzle #2 - Statistics

General Stats
  • This quiz has been taken 76,388 times
  • The average score is 3 of 6
Answers on the Map
Answers color-coded by a green-red scale on the quiz's map according to % correct below.
 
Answer Stats
Answer % Correct
Red
65%
White
64%
Blue
63%
Orange
57%
Green
56%
Light Blue
38%
No matching quizzes found
Score Distribution
Percent of People with Each Score
Percentile by Number Answered
Your Score History
You have not taken this quiz